Virginia Cities Quiz - Statistics

General Stats
  • This quiz has been taken 14 times
  • The average score is 9 of 15
Answer Stats
Hint Answer % Correct
Capital of Virginia Richmond
100%
Largest city in Virginia Virginia Beach
100%
South of the above, shares its name with a city in Egypt Alexandria
91%
Unincorporated city across from Washington D.C. Arlington
82%
Another city in the Hampton Roads area named after a nearby bay Chesapeake
82%
City located east of the above Norfolk
82%
Named after Charlotte of Mecklenburg-Strelitz Charlottesville
73%
In the Blue Ridge Mountains Roanoke
64%
Located on the Rappahannock River where it meets the fall line Fredericksburg
55%
Location of _______ ____ Shipbuilding Newport News
55%
Known as "City of Seven Hills" Lynchburg
45%
Where the Battles of Bull Run happened Manassas
45%
Borders North Carolina, named after the river it is on Danville
36%
Home of NASA's Langley Research Center Hampton
18%
Birthplace of Missy Elliot Portsmouth
9%
No matching quizzes found
Score Distribution
Percent of People with Each Score
Percentile by Number Answered
Your Score History
You have not taken this quiz